00359nam a2200133 a 450000500170000000800410001702000180005805000250007610000150010124500470011626000320016330000090019544000210020420140412111326.0110128s19uu xx 00 eng d a0-590-62387-7 aTR(PS EbFe32sa 1996 aBerry, Joy aLet's talk about Feeling Sad /cJoy Berry. aU.S.A :bScholastic,c1999. aunp. aLet's talk about